Beach Resort And Spa Malgund (Record no. 363220)

MARC details
000 -LEADER
fixed length control field 00332nam a2200121Ia 4500
008 - FIXED-LENGTH DATA ELEMENTS--GENERAL INFORMATION
fixed length control field 250110s9999 xx 000 0 und d
041 ## - LANGUAGE CODE
Language code of text/sound track or separate title eng
100 ## - MAIN ENTRY--PERSONAL NAME
Personal name Shinde Pranali
9 (RLIN) 182357
245 ## - TITLE STATEMENT
Title Beach Resort And Spa Malgund
260 ## - PUBLICATION, DISTRIBUTION, ETC. (IMPRINT)
Name of publisher, distributor, etc. Final Year B. Arch, BNCA
Date of publication, distribution, etc. 2012
300 ## - PHYSICAL DESCRIPTION
Extent 104p
700 ## - ADDED ENTRY--PERSONAL NAME
Personal name Guide Name:Bhate Shrikant
9 (RLIN) 210027
Holdings
Withdrawn status Lost status Damaged status Not for loan Home library Current library Date acquired Total Checkouts Barcode Date last seen Bill Date Koha item type Original Barcode
        Dr. Bhanuben Nanavati College of Architecture Dr. Bhanuben Nanavati College of Architecture 28/08/2012   BNCA-PR-720 10/01/2025 10/01/2025 Project Reports PR0720